000 00495nam a22001337a 4500
005 20241119180944.0
008 241119b |||||||| |||| 00| 0 eng d
020 _a08550840
245 _aThe Ghana Law Reports Digest 1989-90
_cBeing Digest of Cases determined by the Supreme Court, Court of Appeal and the High Court of the Republic of Ghana.
260 _aAccra, Ghana
_bCouncil for Law Reporting
_c1992
300 _axxi, 341 pages
_c30 cm
650 _2Law Reports
_xGhana
942 _2lcc
_cBK
_n0
999 _c1347
_d1347